000 00595nam a2200217Ia 4500
003 OSt
005 20220928133849.0
006 a|||||r|||| 00| 0
007 ta
008 220927b |||||||| |||| 00| 0 eng d
024 _a5286
037 _cTextual
040 _aSDCL
_cSDCL
_beng
041 _2eng
_aeng
082 _aY15 : 47.2'N9, N9
100 _aRay Raka
_9486594
245 0 _aFields of protest
_b Women's movements in India
260 _aNew Delhi
_bKali for women
_c1999
942 _hY15 : 47.2'N9, N9
_cTEXL
_2CC
999 _c800909
_d800909